Včelařství odborný časopis pro včelařství

Bibliographic Details
Previous Title:Český včelař
Včelař
Včelař (Praha, 1948)
Format: Journal
Language:Czech
PhysicalDescription:zv. 30 cm
Published: Praha Státní zemědělské nakladatelství 1953-
Praha Československý svaz včelařů
Praha Český svaz včelařů
ISSN:1805-2525
Subjects:

MARC

LEADER 00000cas a2200000 a 4500
001 vtls008883091
003 SK-MaSNL
005 20260228162115.0
008 020822c19539999xr mr p|r 0 0 b0czeoc
035 |a (SVKBB03)vtls000123957 
040 |a SVKBB  |b slo  |c SVKBB  |d SNK  |e AACR2 
041 0 |a cze 
044 |a xr  |c CZ 
072 7 |a 638  |x Včelárstvo  |2 konspekt 
080 |a 638.1  |2 2011 
080 |a 050  |2 2011 
080 |a (051)-027.561  |2 2011 
210 0 |a Včelařství  |b (Praha) 
222 0 |a Včelařství  |b Praha 
245 0 0 |a Včelařství  |b odborný časopis pro včelařství 
260 |a Praha  |b Státní zemědělské nakladatelství  |c 1953- 
260 2 |3 1969-1970  |a Praha  |b Československý svaz včelařů 
260 3 |3 1970-  |a Praha  |b Český svaz včelařů 
300 |a zv.  |c 30 cm 
310 |a 1x mesačne 
362 0 |a Č. 1 (1953)- 
500 |a Č. 2/1963 je zviazané v roku 1962 
500 |a Podnázov: časopis Českého svazu včelařů ; od r. 2001: určeno členum ČSV 
650 0 7 |a včelárstvo  |2 SNKPH  |9 3997 
655 7 |a odborné časopisy  |2 SNKPH  |9 70505 
780 0 2 |t Český včelař 
780 0 0 |t Včelař 
780 0 2 |t Včelař (Praha, 1948)  |x 1805-2525 
910 |a snmk 
910 |a snk 
999 |c 6827  |d 8757 
952 |0 0  |1 1  |4 0  |7 0  |a SNK  |b SNK  |d 2005-03-03  |i snkČJP 1789/59  |l 0  |o snkČB 841/11/1958  |p 17A0459603  |r 2026-02-21 20:15:49  |w 2026-02-21  |y PREZ 
952 |0 0  |1 1  |4 0  |7 0  |a SNK  |b SNK  |d 2012-08-15  |i snkČIP 1109/88  |l 0  |o snkČB 841/40/1987  |p 17A1020076  |r 2026-02-21 20:50:15  |t č. 1-12  |w 2026-02-21  |y PREZ 
952 |0 0  |1 1  |4 0  |7 0  |a SNK  |b SNK  |d 2005-03-03  |i snkČJP 1747/58  |l 0  |o snkČB 841/10(91)/1957  |p 17A0459620  |r 2026-02-21 21:10:41  |t č. 1-12  |w 2026-02-21  |y PREZ 
952 |0 0  |1 1  |4 0  |7 0  |a SNK  |b SNK  |d 2005-03-03  |l 0  |o snkČB 841/1954  |p 17A0459617  |r 2026-02-21 21:10:41  |w 2026-02-21  |y PREZ 
952 |0 0  |1 1  |4 0  |7 0  |a SNK  |b SNK  |d 2005-03-03  |i snkII. 82/54  |l 0  |o snkČB 841/1953  |p 17A0459676  |r 2026-02-21 21:10:41  |w 2026-02-21  |y PREZ 
952 |0 0  |1 1  |4 0  |7 0  |a SNK  |b SNK  |d 2005-03-03  |l 0  |o snkČB 841/1955  |p 17A0459607  |r 2026-02-21 21:10:45  |w 2026-02-21  |y PREZ 
952 |0 0  |1 1  |4 0  |7 0  |a SNK  |b SNK  |d 2005-03-03  |i snkČJP 1001/57  |l 0  |o snkČB 841/9(90)/1956  |p 17A0459609  |r 2026-02-21 21:10:45  |w 2026-02-21  |y PREZ 
952 |0 0  |1 1  |4 0  |7 0  |a SNK  |b SNK  |d 2007-11-06  |i snkČIP 257/85  |l 0  |o snkČB 841/37/1984  |p 17A0565826  |r 2026-02-21 21:22:39  |t č. 1-12  |w 2026-02-21  |y PREZ 
952 |0 0  |1 1  |4 0  |7 0  |a SNK  |b SNK  |d 2007-11-06  |i snkČIP 641/89  |l 0  |o snkČB 841/41(122)/1988  |p 17A0565824  |r 2026-02-21 21:22:39  |t č. 1-12  |w 2026-02-21  |y PREZ 
952 |0 0  |1 1  |4 0  |7 0  |a SNK  |b SNK  |d 2007-11-06  |i snkČIP 279/84  |l 0  |o snkČB 841/38/1983  |p 17A0565825  |r 2026-02-21 21:22:40  |t č. 1-12  |w 2026-02-21  |y PREZ